| 000 | 00590nam a22001937a 4500 | ||
|---|---|---|---|
| 005 | 20251108171750.0 | ||
| 008 | 250721s1997 xx 000 0 ara d | ||
| 082 | 1 | 4 | _aط/597.8/شلش |
| 100 | 1 | _aشلش، صبحي | |
| 245 | 1 | 0 | _aالبرمائيات / |
| 264 | 1 |
_aعمان : _bالمجلس العربي للعلوم و الطب و التكنولوجيا، _c1997. |
|
| 300 | _a48ص | ||
| 490 | 0 | _aالثقافة العلمية | |
| 650 | 1 | 7 | _aالبرمائيات |
| 650 | 1 | 7 | _aالضفادع |
| 653 | _aاشئون صغار (10-14) سنة | ||
| 942 |
_2ddc _cBK |
||
| 999 |
_c61960 _d61960 |
||